000 00550nam a22001817a 4500
003 BD-ChCU
005 20251118093712.0
008 251118b aus ||||| |||| 00| 0 eng d
020 _a1863202730
040 _cBD-ChCU
082 _223
_a639.6809593 C652
100 _aSmith. Paul T.
_eEditor
_916305
245 _aCoastal Shrimp aquaculture in Thailand: Key Issues for research /
_cedited by Paul T. Smith
260 _aAustralia :
_bAciar,
_cc1999
300 _a131p.
650 0 _aShrimp aquaculture aquaculture
_916306
942 _2ddc
_cBK
_n0
999 _c109526
_d109526